[Event "DRUZYNOWE MISTRZOSTWA POLSKI - II LIGA 2018"]
[Site "Jastrzebia Gora"]
[Date "1899-12-30"]
[Round "5.3"]
[White "Kokoszczynski, Jan"]
[Black "Karwowski, Kacper"]
[Result "0-1"]
[WhiteTitle "k"]
[BlackTitle "k"]
[WhiteElo "2246"]
[BlackElo "2164"]

1. e4 c5 2. Nf3 Nc6 3. d4 cxd4 4. Nxd4 Nf6 5. Nc3 e6 6. Ndb5 Bb4 7. a3 Bxc3+ 8.
Nxc3 d5 9. exd5 exd5 10. Bd3 O-O 11. O-O d4 12. Ne2 Bg4 13. f3 Bh5 14. Nf4 Bg6
15. Nxg6 hxg6 16. f4 Ne7 17. f5 Nxf5 18. Bxf5 gxf5 19. Rxf5 Qb6 20. Qd3 Rfe8 21.
Bg5 Ne4 22. Raf1 Nxg5 23. Rxg5 Rac8 24. Rb5 Qc6 25. Rh5 Qe4 26. Qh3 Qe3+ 27. Qxe3
Rxe3 28. Rd5 Rxc2 29. Rxd4 Ree2 30. Rg4 Rxb2 31. h3 b5 32. Rc1 g6 33. Rc8+ Kg7
34. Ra8 Re1+ 35. Kh2 Re7 36. Rg3 f5 37. h4 Re4 38. Rxa7+ Kh6 39. Ra6 Rxh4+ 40.
Kg1 Rg4 41. Rxg4 fxg4 42. Kh2 Kg5 43. a4 Kh4 44. Rxg6 bxa4 45. Rh6+ Kg5 46. Ra6
Rb4 47. Kg3 Rb3+ 48. Kf2 g3+ 49. Ke2 a3 50. Kd2 Kf5 51. Ra5+ Ke4 52. Ra4+ Kd5
53. Kc2 Rb2+ 54. Kc3 Rxg2 55. Rxa3 Ke4 56. Ra8 Rf2 57. Re8+ Kf3 58. Kd3 Kg2 59.
Ke3 Rf7 60. Ra8 Kh2 61. Kd4 0-1

[Event "DRUZYNOWE MISTRZOSTWA POLSKI - II LIGA 2018"]
[Site "Jastrzebia Gora"]
[Date "1899-12-30"]
[Round "5.4"]
[White "Wacior, Maciej"]
[Black "Rozycki, Bartlomiej"]
[Result "1-0"]
[WhiteTitle "k"]
[BlackTitle "k++"]
[WhiteElo "2099"]
[BlackElo "2145"]

1. d4 d5 2. Bf4 e6 3. e3 Bd6 4. Bg3 Nf6 5. Bd3 c5 6. c3 Qc7 7. Bxd6 Qxd6 8. dxc5
Qxc5 9. Nf3 Nc6 10. Nbd2 e5 11. e4 Bg4 12. h3 Bxf3 13. Qxf3 d4 14. Nb3 Qb6 15.
O-O O-O 16. cxd4 Nxd4 17. Nxd4 Qxd4 18. Qe2 Rfd8 19. Rad1 g6 20. Kh2 a6 21. Bxa6
Qb4 22. Bc4 b5 23. Bb3 Nxe4 24. Bd5 Rxd5 25. Rxd5 Rxa2 26. Rxb5 Qa4 27. Rxe5 Nf6
28. Rb5 1-0

[Event "DRUZYNOWE MISTRZOSTWA POLSKI - II LIGA 2018"]
[Site "Jastrzebia Gora"]
[Date "1899-12-30"]
[Round "5.5"]
[White "Praczukowski, Stanislaw"]
[Black "Kowalski, Maciej"]
[Result "1-0"]
[WhiteTitle "k"]
[BlackTitle "k"]
[WhiteElo "2131"]
[BlackElo "2071"]

1. d4 d5 2. c4 dxc4 3. e4 e5 4. Nf3 exd4 5. Bxc4 Bb4+ 6. Nbd2 Nc6 7. O-O Qf6 8.
e5 Qg6 9. Nb3 Bg4 10. h3 Bxf3 11. Qxf3 Nge7 12. a3 Ba5 13. Bd3 Qe6 14. Nc5 Qd5
15. Qxd5 Nxd5 16. Nxb7 Bb6 17. Bb5 Nde7 18. Bg5 Kf8 19. Rac1 Nxe5 20. f4 N5g6
21. f5 Ne5 22. f6 Nd5 23. fxg7+ Kxg7 24. Rf5 f6 25. Bxf6+ Nxf6 26. Rxe5 Rhf8 27.
Nc5 Kh8 28. Nd3 Rad8 29. Rf1 Nd7 30. Re7 Rxf1+ 31. Kxf1 Rf8+ 32. Ke2 Nf6 33. Bc6
Nh5 34. Bf3 Ng3+ 35. Kd2 Nf5 36. Rd7 Nd6 37. b3 Rf7 38. Ne5 Rf8 39. Kd3 Re8 40.
Ng4 Rf8 41. Be4 Nxe4 42. Kxe4 h5 43. Ne5 Rf2 44. g4 hxg4 45. hxg4 c5 46. g5 Ba5
47. Ng4 Re2+ 48. Kf5 d3 49. Nf6 1-0

[Event "DRUZYNOWE MISTRZOSTWA POLSKI - II LIGA 2018"]
[Site "Jastrzebia Gora"]
[Date "1899-12-30"]
[Round "5.6"]
[White "Gosciniak, Maria"]
[Black "Marcinczyk, Monika"]
[Result "0-1"]
[WhiteTitle "WFM"]
[BlackTitle "WCM"]
[WhiteElo "2093"]
[BlackElo "1865"]

1. b3 d5 2. Bb2 c5 3. e3 Nf6 4. Bb5+ Bd7 5. Qe2 e6 6. Bxd7+ Nbxd7 7. f4 Be7 8.
Nf3 O-O 9. O-O Ne4 10. d3 Nd6 11. Nbd2 Rc8 12. Ne5 b5 13. c4 bxc4 14. bxc4 dxc4
15. dxc4 Nxe5 16. fxe5 Nf5 17. Ne4 Qc7 18. Bc3 Rb8 19. Rf4 Rfd8 20. Raf1 Rd7 21.
Qf3 Bf8 22. Rxf5 exf5 23. Qxf5 Re8 24. Ng5 g6 25. Qh3 h6 26. e6 fxe6 27. Ne4 Bg7
28. Bxg7 Kxg7 29. Nf6 Ree7 30. Nxd7 Qxd7 31. Qf3 Rf7 32. Qxf7+ Qxf7 33. Rxf7+
Kxf7 34. Kf2 Kf6 35. Kf3 Ke5 36. a4 a5 37. h3 Kf5 38. e4+ Kg5 39. g3 Kf6 40. g4
Ke5 41. g5 h5 42. Ke3 h4 43. Kf3 Kd4 44. Kg4 Kxc4 45. Kxh4 Kd3 46. Kg4 c4 47.
h4 c3 48. h5 c2 49. hxg6 c1=Q 50. g7 Qc8 51. Kh5 Kxe4 52. Kh6 Qg8 0-1

[Event "DRUZYNOWE MISTRZOSTWA POLSKI - II LIGA 2018"]
[Site "Jastrzebia Gora"]
[Date "1899-12-30"]
[Round "5.7"]
[White "Szadkowski, Kamil"]
[Black "Stachowiak, Kamil"]
[Result "1/2-1/2"]
[WhiteTitle "FM"]
[BlackTitle "IM"]
[WhiteElo "2277"]
[BlackElo "2433"]

1. e4 c5 2. Nf3 d6 3. d4 cxd4 4. Nxd4 Nf6 5. Nc3 a6 6. Be3 g6 7. f3 Bg7 8. Qd2
Nbd7 9. g4 Ne5 10. O-O-O b5 11. a3 Bb7 12. h4 h5 13. g5 Nfd7 14. f4 Ng4 15. Bg1
O-O 16. Bh3 e5 17. Nde2 exf4 18. Bxg4 hxg4 19. Qxf4 Ne5 20. Bc5 Qc8 21. Bxd6 Re8
22. h5 gxh5 23. Qh2 Nc4 24. Qxh5 Nxd6 25. Rxd6 Qc5 26. Rd7 Re7 27. Rxe7 Qxe7 28.
Qxg4 Re8 29. Rh4 Qd6 30. Qf5 Re5 31. Qf4 b4 32. axb4 Qxb4 33. Qd2 Qb6 34. Rg4
Re8 35. Nf4 Bxe4 36. Nh5 Bg6 37. Nxg7 Kxg7 38. Nd5 Qc5 39. b4 Qd6 40. Qd4+ Re5
41. c4 Qe6 42. Ne3 Qe7 43. Nd5 Qe6 44. Nf4 Qf5 45. Nxg6 Kxg6 46. Kd2 Qe6 47. Rg2
Rxg5 48. Rxg5+ 1/2-1/2

[Event "DRUZYNOWE MISTRZOSTWA POLSKI - II LIGA 2018"]
[Site "Jastrzebia Gora"]
[Date "1899-12-30"]
[Round "5.8"]
[White "Nowak, Kamil"]
[Black "Snihur, Piotr"]
[Result "1/2-1/2"]
[WhiteTitle "m"]
[BlackTitle "k"]
[WhiteElo "2288"]
[BlackElo "2233"]

1. e4 c6 2. d4 d5 3. Nd2 dxe4 4. Nxe4 Bf5 5. Ng3 Bg6 6. h4 h6 7. Nf3 Nd7 8. h5
Bh7 9. Bd3 Bxd3 10. Qxd3 Ngf6 11. Bd2 e6 12. O-O-O Be7 13. Kb1 O-O 14. Ne4 Nxe4
15. Qxe4 Nf6 16. Qe2 Qd5 17. Be3 a5 18. Nd2 a4 19. g4 a3 20. b3 Qa5 21. Nc4 Nd5
22. Nxa5 Nc3+ 23. Ka1 Nxe2 24. Nxb7 Bb4 25. Nc5 Bc3+ 26. Kb1 Rfd8 27. Ne4 f5 28.
gxf5 exf5 29. Ng3 Nxd4 30. Bxd4 Rxd4 31. Rxd4 Bxd4 32. Nxf5 Bxf2 33. Ne7+ Kh7
34. Nxc6 Re8 35. Nb4 g5 36. hxg6+ Kxg6 37. Nd3 Be3 38. c4 Kg5 39. Kc2 Kg4 40.
Nb4 Bg5 41. Kd3 h5 42. Rg1+ Kf5 43. Nd5 h4 44. c5 Re6 45. b4 h3 46. Rh1 Ke5 47.
Nb6 Rh6 48. Nc4+ Kd5 49. Nxa3 h2 50. Nc2 Rh3+ 51. Ke2 Rc3 52. Ne1 Bf4 53. Nd3
Bg3 54. Nf2 Ra3 55. b5 Bxf2 56. Kxf2 Rxa2+ 57. Kg3 Kxc5 58. Rxh2 Rxh2 59. Kxh2
Kxb5 1/2-1/2

[Event "DRUZYNOWE MISTRZOSTWA POLSKI - II LIGA 2018"]
[Site "Jastrzebia Gora"]
[Date "1899-12-30"]
[Round "5.9"]
[White "Szadkowski, Krzysztof"]
[Black "Fudalej, Michal"]
[Result "0-1"]
[WhiteTitle "k"]
[BlackTitle "FM"]
[WhiteElo "2145"]
[BlackElo "2209"]

1. e4 c6 2. d4 d5 3. exd5 cxd5 4. c4 Nf6 5. Nc3 Nc6 6. Bg5 Be6 7. a3 Qd7 8. Nge2
dxc4 9. Bxf6 exf6 10. Qa4 Ne7 11. Nf4 Rc8 12. Nb5 Nd5 13. Bxc4 Nxf4 14. d5 Nxd5
15. Bxd5 Bxd5 16. Rd1 a6 17. Rxd5 axb5 18. Qb3 Qe6+ 19. Kd2 Qxd5+ 20. Qxd5 Rd8
0-1

[Event "DRUZYNOWE MISTRZOSTWA POLSKI - II LIGA 2018"]
[Site "Jastrzebia Gora"]
[Date "1899-12-30"]
[Round "5.10"]
[White "Maciol, Ryszard"]
[Black "Kwiatkowski, Wiktor"]
[Result "0-1"]
[WhiteTitle "k"]
[BlackTitle "I"]
[WhiteElo "2171"]
[BlackElo "1965"]

1. d4 d5 2. Nf3 Nf6 3. c4 dxc4 4. e3 a6 5. Bxc4 b5 6. Bb3 Bb7 7. a4 e6 8. O-O Be7
9. axb5 axb5 10. Rxa8 Bxa8 11. Nc3 b4 12. Na2 O-O 13. Bd2 Nc6 14. Bc4 Ne4 15.
Be1 Na5 16. Be2 c5 17. Ne5 Qd5 18. f3 Qxa2 19. fxe4 Bxe4 20. Bh5 f6 21. Rf4 Qd5
22. Ng4 Bd6 23. Rf2 Kh8 24. Qa4 Qxh5 25. Qxa5 Qxg4 26. dxc5 Be5 27. Qxb4 Rb8 28.
Rd2 h6 29. Qc4 Qf5 30. b4 Ra8 31. Rf2 Qg6 32. Ra2 Rd8 33. Rd2 Rxd2 0-1

[Event "DRUZYNOWE MISTRZOSTWA POLSKI - II LIGA 2018"]
[Site "Jastrzebia Gora"]
[Date "1899-12-30"]
[Round "5.11"]
[White "Klimkowski, Jan"]
[Black "Kolasinski, Krzysztof"]
[Result "0-1"]
[WhiteTitle "I"]
[BlackTitle "I++"]
[WhiteElo "1887"]
[BlackElo "2118"]

1. e4 c5 2. Nf3 d6 3. d4 cxd4 4. Nxd4 Nf6 5. Nc3 g6 6. Be3 Bg7 7. f3 Nc6 8. Qd2
O-O 9. O-O-O d5 10. Qe1 e5 11. Nxc6 bxc6 12. Bc5 Re8 13. exd5 cxd5 14. Bb5 d4
15. Ne4 Nxe4 16. fxe4 Bd7 17. Bxd7 Qxd7 18. h4 Rec8 19. Ba3 Qa4 20. Qf2 Bh6+ 21.
Kb1 Rab8 22. Bd6 Be3 23. Qe2 Rb6 24. Bxe5 Rxb2+ 25. Kxb2 Qb4+ 26. Ka1 Qc3+ 27.
Kb1 Qb4+ 28. Ka1 Qc3+ 29. Kb1 Rc6 30. Qb5 Rb6 31. Qxb6 axb6 32. Rd3 Qb4+ 33. Ka1
Qc5 34. Bf6 Qc6 35. e5 Qxc2 36. Rhd1 Bc1 0-1

[Event "DRUZYNOWE MISTRZOSTWA POLSKI - II LIGA 2018"]
[Site "Jastrzebia Gora"]
[Date "1899-12-30"]
[Round "5.12"]
[White "Dmochowska, Agnieszka"]
[Black "Pastuszko, Kinga"]
[Result "1/2-1/2"]
[WhiteTitle "WCM"]
[BlackTitle "k+"]
[WhiteElo "2125"]
[BlackElo "1987"]

1. e4 e5 2. Nf3 Nc6 3. Bb5 Nf6 4. O-O Nxe4 5. d4 Nd6 6. Bxc6 dxc6 7. dxe5 Nf5 8.
Qxd8+ Kxd8 9. h3 Be7 10. Nc3 Nh4 11. Ng5 Ke8 12. Nge4 h5 13. b3 b6 14. f4 Nf5
15. Kh2 h4 16. Rf3 Nd4 17. Rf2 a6 18. Bb2 Bf5 19. Re1 Rd8 20. Re3 Rh6 21. Rd2
Bb4 22. Rf2 Be7 23. Rd2 Bb4 24. Rf2 Be7 1/2-1/2

[Event "DRUZYNOWE MISTRZOSTWA POLSKI - II LIGA 2018"]
[Site "Jastrzebia Gora"]
[Date "1899-12-30"]
[Round "5.13"]
[White "Karpus, Michal"]
[Black "Golubka, Petro"]
[Result "0-1"]
[WhiteTitle "FM"]
[BlackTitle "IM"]
[WhiteElo "2382"]
[BlackElo "2457"]

1. e4 e5 2. Nf3 Nc6 3. Bb5 Nf6 4. O-O d6 5. d4 Bd7 6. d5 Nb8 7. Qe2 c6 8. dxc6
bxc6 9. Bc4 Be7 10. b3 O-O 11. Ba3 d5 12. Bxe7 Qxe7 13. Bd3 Bg4 14. h3 Bh5 15.
Nbd2 Nbd7 16. Rfe1 Rfe8 17. Nf1 Bg6 18. Ng3 Nh5 19. Nxh5 Bxh5 20. g4 Bg6 21. exd5
cxd5 22. Bxg6 hxg6 23. Qb5 Qd6 24. Rad1 d4 25. c3 a6 26. Qe2 Qd5 27. cxd4 e4 28.
Nd2 f5 29. Qc4 Nf6 30. Rc1 Rad8 31. Nf1 Kh7 32. Qxa6 Qxd4 33. Qc4 Qe5 34. gxf5
gxf5 35. Qc3 Qf4 36. Qg3 Qh6 37. Rc5 Rd3 38. Qg2 Nd5 39. Ng3 Nf4 40. Qh2 Red8
41. Rcc1 Rf3 42. Rc2 Qd6 43. h4 Qd3 44. Rcc1 e3 45. fxe3 Rxe3 46. Nf1 Ne2+ 0-1

[Event "DRUZYNOWE MISTRZOSTWA POLSKI - II LIGA 2018"]
[Site "Jastrzebia Gora"]
[Date "1899-12-30"]
[Round "5.14"]
[White "Barski, Radoslaw"]
[Black "Krainski, Aleksander"]
[Result "1-0"]
[WhiteTitle "IM"]
[BlackTitle "FM"]
[WhiteElo "2447"]
[BlackElo "2185"]

1. e4 c6 2. d4 d5 3. e5 Bf5 4. Nf3 e6 5. Be2 Ne7 6. O-O c5 7. c4 Nbc6 8. dxc5 d4
9. Qa4 Qd7 10. b4 Ng6 11. Rd1 Ngxe5 12. Bf4 f6 13. b5 Bxc5 14. bxc6 Nxc6 15. Nbd2
e5 16. Bg3 O-O 17. Nb3 Be7 18. c5 Rfd8 19. Rac1 Kh8 20. Bb5 a6 21. Bxc6 Qxc6 22.
Qxc6 bxc6 23. Na5 Rac8 24. Nd2 Kg8 25. Ndb3 g5 26. Nc4 Ra8 27. Nb6 Ra7 28. f3
Be6 29. Be1 f5 30. Ba5 Re8 31. Nc4 Bf6 32. Bb6 Rg7 33. Nd6 Rf8 34. Na5 g4 35.
f4 exf4 36. Nxc6 f3 37. Nxd4 Bxd4+ 38. Rxd4 fxg2 39. Rf4 1-0

[Event "DRUZYNOWE MISTRZOSTWA POLSKI - II LIGA 2018"]
[Site "Jastrzebia Gora"]
[Date "1899-12-30"]
[Round "5.15"]
[White "Krainski, Slawomir"]
[Black "Kyc, Jerzy"]
[Result "1/2-1/2"]
[WhiteTitle "k"]
[BlackTitle "k"]
[WhiteElo "2098"]
[BlackElo "2313"]

1. d4 Nf6 2. Nf3 g6 3. Bf4 Bg7 4. e3 O-O 5. Be2 d5 6. O-O c5 7. c3 Nc6 8. Nbd2
Qb6 9. Qb3 c4 10. Qa3 Nh5 11. Bg5 h6 12. Bh4 g5 13. Bg3 Nxg3 14. hxg3 e5 15. b3
e4 16. Ne1 cxb3 17. axb3 f5 18. Nc2 f4 19. exf4 gxf4 20. gxf4 Rxf4 21. b4 Be6
22. b5 Nd8 23. c4 Qc7 24. c5 b6 25. cxb6 Qxc2 26. Qe3 Rf7 27. Rfc1 Qb2 28. Nb3
Rb7 29. Rcb1 Qc2 30. Rc1 Qb2 31. Rcb1 Qc2 32. Rc1 Qb2 33. Rcb1 1/2-1/2

[Event "DRUZYNOWE MISTRZOSTWA POLSKI - II LIGA 2018"]
[Site "Jastrzebia Gora"]
[Date "1899-12-30"]
[Round "5.16"]
[White "Marszalek, Maciej"]
[Black "Szczesniak, Andrzej"]
[Result "1-0"]
[WhiteTitle "m"]
[BlackTitle "k"]
[WhiteElo "2272"]
[BlackElo "1934"]

1. d4 d5 2. c4 c6 3. Nf3 Nf6 4. Qb3 dxc4 5. Qxc4 Bf5 6. g3 e6 7. Bg2 Be7 8. O-O
O-O 9. e3 Nbd7 10. Qe2 Qc7 11. Nc3 Ne4 12. Nd2 Nxc3 13. bxc3 Qa5 14. Bb2 Nb6 15.
Nb3 Qa4 16. e4 Bg6 17. Rfe1 c5 18. h4 h6 19. h5 Bh7 20. Bf1 cxd4 21. cxd4 Rac8
22. Rec1 Qb4 23. Bg2 Na4 24. Rab1 Nxb2 25. Qxb2 b6 26. Qe2 Qa3 27. Rxc8 Rxc8 28.
Rd1 a5 29. d5 exd5 30. Rxd5 a4 31. Nd4 Qc1+ 32. Kh2 Bf6 33. e5 Be7 34. Rd7 Kf8
35. Qf3 Qc4 36. Bh3 Re8 37. Be6 1-0

[Event "DRUZYNOWE MISTRZOSTWA POLSKI - II LIGA 2018"]
[Site "Jastrzebia Gora"]
[Date "1899-12-30"]
[Round "5.17"]
[White "Sciborowski, Miroslaw"]
[Black "Widla, Piotr"]
[Result "1-0"]
[WhiteTitle "k"]
[BlackTitle "k"]
[WhiteElo "1964"]
[BlackElo "2032"]

1. d4 c5 2. e3 Nf6 3. Nf3 g6 4. Be2 Bg7 5. O-O O-O 6. Nbd2 d6 7. b3 Nc6 8. Bb2
Bf5 9. Rc1 Rc8 10. Re1 a6 11. a4 Qc7 12. Nf1 cxd4 13. exd4 Nb4 14. c4 Na2 15.
Ra1 Nb4 16. Ne3 Be4 17. d5 Bxf3 18. Bxf3 a5 19. Qd2 b6 20. Bc3 Na6 21. Nc2 Nc5
22. Nd4 Nxb3 23. Nxb3 Qxc4 24. Bxf6 Bxf6 25. Rab1 Bc3 26. Qe3 Bxe1 27. Qxe1 Qxa4
28. h3 Rc4 29. Nd2 Rb4 30. Rc1 Qd7 31. Qe3 Rc8 32. Rc6 Rxc6 33. dxc6 Qc7 34. Qd3
b5 35. Ne4 Rc4 36. Qd5 Rc1+ 37. Kh2 Rxc6 38. Ng5 e6 39. Qxc6 Qxc6 40. Bxc6 b4
41. Ba4 Kf8 42. Nxh7+ Ke7 43. g4 d5 44. Kg3 Kd6 45. h4 f5 46. h5 gxh5 47. gxh5
e5 48. Ng5 Ke7 49. Kf3 Kf6 50. h6 Kg6 51. h7 Kg7 52. Bc2 e4+ 53. Ke3 Kh8 54. Kd4
1-0

[Event "DRUZYNOWE MISTRZOSTWA POLSKI - II LIGA 2018"]
[Site "Jastrzebia Gora"]
[Date "1899-12-30"]
[Round "5.18"]
[White "Dziodzio, Angelika"]
[Black "Pacuszka, Wioletta"]
[Result "1-0"]
[WhiteTitle "WFM"]
[BlackTitle "I++"]
[WhiteElo "2149"]
[BlackElo "1902"]

1. e4 c5 2. Nf3 e6 3. g3 Nc6 4. Bg2 d5 5. exd5 exd5 6. d4 Nf6 7. O-O Be7 8. Be3
O-O 9. dxc5 Qa5 10. c3 Qb5 11. b4 Qc4 12. Bd4 Bg4 13. Na3 Qa6 14. Nc2 Nxd4 15.
cxd4 Qc4 16. a3 Bh5 17. Ne3 Qb5 18. Re1 Bg6 19. Ne5 Rfd8 20. Qb3 a5 21. Bxd5 Nxd5
22. Nxd5 Bf6 23. Nc7 1-0

[Event "DRUZYNOWE MISTRZOSTWA POLSKI - II LIGA 2018"]
[Site "Jastrzebia Gora"]
[Date "1899-12-30"]
[Round "5.19"]
[White "Jedynak, Radoslaw"]
[Black "Walter, Szymon"]
[Result "1/2-1/2"]
[WhiteTitle "GM"]
[BlackTitle "k+"]
[WhiteElo "2353"]
[BlackElo "2307"]

1. d4 Nf6 2. c4 g6 3. Nc3 d5 4. Nf3 Bg7 5. Bg5 Ne4 6. cxd5 Nxg5 7. Nxg5 e6 8. Nf3
exd5 9. e3 O-O 10. Bd3 c5 11. dxc5 Bxc3+ 12. bxc3 Qa5 13. O-O Qxc5 14. Rc1 Nc6
15. Nd4 Bd7 16. Qb3 Rab8 17. Rfd1 Rfc8 18. h3 Ne5 19. Be2 b5 20. Qb4 Qc7 21. Nf3
Be6 22. Ng5 Nc4 23. Nxe6 fxe6 24. Qb1 Rf8 25. Rd4 Nd6 26. Bd3 Kg7 27. e4 Qb6 28.
Qb2 Rf7 29. Rf1 dxe4 30. Be2 e5 31. Rd5 Rbf8 32. c4 Nxc4 33. Qxb5 Qxb5 34. Rxb5
Nd6 35. Rxe5 Rf5 36. Re6 R8f6 37. Re7+ Rf7 38. Rxf7+ Kxf7 39. Rc1 Ra5 40. Rc7+
Kf6 41. Rxh7 Rxa2 42. Rd7 Nf5 43. Bc4 Ra1+ 44. Kh2 a5 45. Ra7 a4 46. Ra6+ Kg7
47. Re6 a3 48. g4 a2 49. Ra6 Nh4 50. Rxa2 Rxa2 51. Bxa2 Kf6 52. Kg3 g5 53. Bb3
Ke5 54. Ba4 Nf3 1/2-1/2

[Event "DRUZYNOWE MISTRZOSTWA POLSKI - II LIGA 2018"]
[Site "Jastrzebia Gora"]
[Date "1899-12-30"]
[Round "5.20"]
[White "Szostko, Jakub"]
[Black "Pazderski, Ziemowit"]
[Result "1/2-1/2"]
[WhiteTitle "FM"]
[BlackTitle "k+"]
[WhiteElo "2299"]
[BlackElo "2239"]

1. e4 d5 2. exd5 Qxd5 3. Nc3 Qd6 4. d4 Nf6 5. Nf3 a6 6. Bd3 Bg4 7. Ne4 Nxe4 8.
Bxe4 f5 9. Bd3 Nc6 10. Be2 O-O-O 11. c3 h6 12. O-O e5 13. dxe5 Nxe5 14. Qc2 Nxf3+
15. Bxf3 Qg6 16. Bxg4 Qxg4 17. h3 Qh5 18. Bf4 Bd6 19. Bxd6 Rxd6 20. Rad1 Rhd8
21. Rxd6 Rxd6 22. Re1 Kb8 23. Qb3 Qg5 24. Qc4 Rd8 25. Qf7 Qd2 26. Re8 Qc1+ 27.
Kh2 Qf4+ 28. Kg1 Qc1+ 29. Kh2 Qf4+ 30. Kg1 1/2-1/2

[Event "DRUZYNOWE MISTRZOSTWA POLSKI - II LIGA 2018"]
[Site "Jastrzebia Gora"]
[Date "1899-12-30"]
[Round "5.21"]
[White "Maciaga, Marcin"]
[Black "Dzierzak, Radoslaw"]
[Result "1/2-1/2"]
[WhiteTitle "k+"]
[BlackTitle "I++"]
[WhiteElo "2117"]
[BlackElo "2282"]

1. c4 Nf6 2. Nf3 e6 3. g3 d5 4. d4 dxc4 5. Bg2 c5 6. O-O Nc6 7. dxc5 Qxd1 8. Rxd1
Bxc5 9. Nbd2 c3 10. bxc3 Bd7 11. Nb3 Bb6 12. Bb2 O-O 13. Nfd2 Rad8 14. Nc4 Bc8
15. Nxb6 axb6 16. c4 Rd7 17. Bxf6 gxf6 18. Bxc6 bxc6 19. Rxd7 Bxd7 20. Rd1 Rd8
21. c5 b5 22. Rd6 Kf8 23. Nd4 Ke7 24. Nxc6+ Bxc6 25. Rxc6 Ra8 26. Rc7+ Kf8 27.
Rb7 Rxa2 28. c6 Rc2 29. c7 Kg7 30. Kg2 b4 31. e3 b3 32. Rxb3 Rxc7 33. h3 f5 34.
Kf3 Rc4 35. h4 h5 36. Ra3 Rb4 37. Rd3 Ra4 38. Rd7 Rb4 39. Rd8 Ra4 40. Rd7 Rb4
41. Rd1 Ra4 42. Re1 Re4 43. Re2 Kf6 44. Rc2 Ra4 45. Rd2 Rb4 46. Rd4 Rb2 47. Ra4
Rc2 48. Rb4 Ra2 49. Rc4 Rb2 50. e4 Rb3+ 51. Kg2 fxe4 52. Rxe4 Ra3 53. Rb4 Kg6
54. Rb5 Rc3 55. Rg5+ Kh6 56. Kf1 Rc2 57. Re5 Kg6 58. Re3 Ra2 59. Kg2 Rb2 60. Kf3
Ra2 61. Re5 Ra4 62. Rg5+ Kh6 63. Ke3 Rb4 64. Re5 Kg6 65. Re4 Rb3+ 66. Kf4 Rb5
67. Kf3 1/2-1/2

[Event "DRUZYNOWE MISTRZOSTWA POLSKI - II LIGA 2018"]
[Site "Jastrzebia Gora"]
[Date "1899-12-30"]
[Round "5.22"]
[White "Zochowski, Kacper"]
[Black "Choroszej, Aleksander"]
[Result "1/2-1/2"]
[WhiteTitle "k"]
[BlackTitle "k"]
[WhiteElo "2269"]
[BlackElo "2054"]

1. c4 g6 2. g3 Bg7 3. Bg2 c5 4. Nc3 Nc6 5. Nf3 e5 6. a3 Nge7 7. O-O O-O 8. Ne1
d6 9. Nc2 Be6 10. Ne3 Rb8 11. b4 f5 12. Ned5 Bf7 13. Rb1 Nxd5 14. cxd5 Ne7 15.
d3 h6 16. bxc5 dxc5 17. e4 b6 18. a4 Nc8 19. a5 Nd6 20. axb6 axb6 21. Nb5 Nxb5
22. Rxb5 Be8 23. Rb1 f4 24. f3 Bd7 25. Rf2 b5 26. Qf1 b4 27. Bh3 g5 28. Bb2 fxg3
29. hxg3 h5 30. Bxd7 Qxd7 31. Kg2 g4 32. f4 exf4 33. Rxf4 Ra8 34. Bxg7 Qxg7 35.
Rf5 Ra2+ 36. Kh1 Rxf5 37. Qxf5 Ra1 38. Qc8+ Kh7 39. Qf5+ Kg8 40. Qe6+ Kh7 41.
Qf5+ 1/2-1/2

[Event "DRUZYNOWE MISTRZOSTWA POLSKI - II LIGA 2018"]
[Site "Jastrzebia Gora"]
[Date "1899-12-30"]
[Round "5.23"]
[White "Krasiewicz, Robert"]
[Black "Zaleski, Lukasz"]
[Result "1/2-1/2"]
[WhiteTitle "k+"]
[BlackTitle "k"]
[WhiteElo "1965"]
[BlackElo "2134"]

1. c4 e5 2. g3 Nc6 3. Nc3 g6 4. Bg2 Bg7 5. e4 d6 6. d3 Be6 7. Nge2 Nge7 8. Be3
Qd7 9. Nd5 O-O 10. O-O f5 11. Qd2 Rf7 12. Nxe7+ Qxe7 13. Rae1 fxe4 14. Bxe4 Qd7
15. Nc3 Raf8 16. Nd5 Bh3 17. Bg2 Bxg2 18. Kxg2 Ne7 19. Nxe7+ Rxe7 20. f3 Ref7
21. Re2 b6 22. Bh6 Rf5 23. Bxg7 Qxg7 24. Re4 h5 25. h3 Kh7 26. d4 exd4 27. Qxd4
Qxd4 28. Rxd4 Re5 29. f4 Re2+ 30. Rf2 Rfe8 31. Rd2 Re1 32. Rd3 R8e3 1/2-1/2

[Event "DRUZYNOWE MISTRZOSTWA POLSKI - II LIGA 2018"]
[Site "Jastrzebia Gora"]
[Date "1899-12-30"]
[Round "5.24"]
[White "Binkowska, Agata"]
[Black "Andrejczuk, Beata"]
[Result "1-0"]
[WhiteTitle "I++"]
[BlackTitle "WFM"]
[WhiteElo "1890"]
[BlackElo "2057"]

1. e4 d5 2. exd5 Qxd5 3. Nc3 Qa5 4. d4 c6 5. Bc4 Nf6 6. Bd2 Qc7 7. Qe2 Bf5 8. Nf3
Nbd7 9. O-O-O e6 10. Ne5 Nb6 11. Bb3 h5 12. Bf4 Bd6 13. d5 Ng4 14. dxe6 Bxe5 15.
exf7+ Kf8 16. Bxe5 Qxe5 17. Qd2 Qf6 18. Rhe1 Nd7 19. Ne4 Bxe4 20. Qxd7 Nxf2 21.
Qxb7 Qf4+ 22. Kb1 Rb8 23. Qxa7 g5 24. g3 Qe5 25. Qxf2 Rh6 26. Qd4 Qxd4 27. Rxd4
Bf5 28. a4 Rxb3 29. Rf1 Rf6 30. Rxf5 Rxf5 31. cxb3 Kxf7 32. b4 Rf2 33. h4 g4 34.
a5 Ke6 35. Rc4 Rf3 36. Rxc6+ Kd7 37. Rc3 Rf5 38. Kc2 1-0

[Event "DRUZYNOWE MISTRZOSTWA POLSKI - II LIGA 2018"]
[Site "Jastrzebia Gora"]
[Date "1899-12-30"]
[Round "5.25"]
[White "Rudolf, Michal"]
[Black "Kislinsky, Alexey"]
[Result "1/2-1/2"]
[WhiteTitle "FM"]
[BlackTitle "GM"]
[WhiteElo "2352"]
[BlackElo "2450"]

1. d4 c5 2. d5 d6 3. e4 g6 4. Nc3 Bg7 5. Nf3 Nf6 6. Bb5+ Bd7 7. a4 O-O 8. O-O Bxb5
9. axb5 Nbd7 10. Re1 Nb6 11. h3 Ne8 12. Na4 Nxa4 13. Rxa4 Nc7 14. c4 a6 15. bxa6
Qd7 16. e5 Nxa6 17. Bd2 b5 18. cxb5 Qxb5 19. Bc3 Nb4 20. Rxa8 Rxa8 21. exd6 exd6
22. Ng5 Qd3 23. Qxd3 Nxd3 24. Re7 Nxb2 25. Bxg7 Kxg7 26. Rxf7+ Kg8 27. Rb7 Nd3
28. Nxh7 c4 29. Nf6+ Kf8 30. Ne4 Ra1+ 31. Kh2 Ra5 32. Rc7 Nc5 33. Nxd6 c3 34.
Nb7 Nxb7 35. Rxb7 Rc5 36. Rb1 Ke7 37. Kg3 Kd6 38. Kf4 Kxd5 39. Kg5 Rc6 40. f4
c2 41. Rc1 Ke4 42. g4 Rc5+ 43. Kxg6 Kxf4 44. Kf6 Rc3 45. Ke6 Rxh3 1/2-1/2

[Event "DRUZYNOWE MISTRZOSTWA POLSKI - II LIGA 2018"]
[Site "Jastrzebia Gora"]
[Date "1899-12-30"]
[Round "5.26"]
[White "Grabarczyk, Miroslaw"]
[Black "Markowski, Damian"]
[Result "1/2-1/2"]
[WhiteTitle "GM"]
[BlackTitle "FM"]
[WhiteElo "2392"]
[BlackElo "2274"]

1. d4 Nf6 2. c4 g6 3. Nc3 d5 4. Nf3 Bg7 5. cxd5 Nxd5 6. Bd2 Nb6 7. Bg5 O-O 8. e3
Be6 9. Be2 N8d7 10. O-O c6 11. h3 Re8 12. e4 Nf8 13. Qd2 Bc4 14. Rad1 Bxe2 15.
Qxe2 Qc7 16. Rfe1 Ne6 17. Be3 Rad8 18. g3 Qc8 19. Kg2 Nc7 20. Rc1 Qe6 21. b3 h6
22. Qc2 g5 23. Rcd1 Qg6 24. Qe2 Ne6 25. Rd3 Rd7 26. Red1 Red8 27. h4 g4 28. Ne5
Bxe5 29. dxe5 Rxd3 30. Rxd3 Rxd3 31. Qxd3 Qh5 1/2-1/2

[Event "DRUZYNOWE MISTRZOSTWA POLSKI - II LIGA 2018"]
[Site "Jastrzebia Gora"]
[Date "1899-12-30"]
[Round "5.27"]
[White "Chalupnik, Marcin"]
[Black "Sabuk, Piotr"]
[Result "0-1"]
[WhiteTitle "k++"]
[BlackTitle "IM"]
[WhiteElo "2188"]
[BlackElo "2386"]

1. c4 e6 2. g3 d5 3. Bg2 Nf6 4. Nf3 Be7 5. O-O O-O 6. b3 a5 7. Bb2 c6 8. d3 b5
9. a4 bxc4 10. bxc4 Na6 11. Nbd2 Rb8 12. Rb1 c5 13. Ne5 Qc7 14. f4 Nb4 15. e3
Rd8 16. g4 Nd7 17. cxd5 exd5 18. g5 Nxe5 19. Bxe5 Bd6 20. Ba1 Ba6 21. Rf3 Bxd3
22. Rh3 Bf5 23. Rh4 Qe7 24. Rb3 c4 25. Rc3 Na2 26. Nf1 Rb1 27. Qxd5 Bg6 28. Rxc4
Rxa1 29. e4 Bxf4 0-1

[Event "DRUZYNOWE MISTRZOSTWA POLSKI - II LIGA 2018"]
[Site "Jastrzebia Gora"]
[Date "1899-12-30"]
[Round "5.28"]
[White "Aliavdin, Nikolai"]
[Black "Warszawski, Bartosz"]
[Result "1/2-1/2"]
[WhiteTitle "IM"]
[BlackTitle "m"]
[WhiteElo "2323"]
[BlackElo "2165"]

1. e4 c5 2. Nf3 e6 3. d3 Nc6 4. g3 d5 5. Nbd2 Nf6 6. Bg2 Be7 7. O-O b6 8. Re1 Bb7
9. Qe2 dxe4 10. dxe4 O-O 11. e5 Nd7 12. c3 Qc7 13. h4 a6 14. Nf1 b5 15. Bg5 c4
16. b3 cxb3 17. axb3 Nc5 18. b4 Na4 19. Rec1 Nb6 20. N1d2 h6 21. Bxe7 Nxe7 22.
Nb3 Bd5 23. Nc5 Bc4 24. Qe1 a5 25. Nd4 Ra7 26. h5 Rd8 27. Nc2 Nbd5 28. Na3 Rda8
29. Nxc4 bxc4 30. Rab1 Rc8 31. Qe4 axb4 32. cxb4 c3 33. Bf1 Nxb4 34. Rxc3 Ned5
35. Rc4 Qe7 36. Rbc1 Rac7 37. Nd3 Na2 38. Rxc7 Rxc7 39. Ra1 Ra7 40. Qc4 Nac3 41.
Qc8+ Kh7 42. Rxa7 Qxa7 43. Nc1 Qe7 44. Bd3+ g6 45. hxg6+ fxg6 46. Nb3 Nc7 47.
Nd4 N3d5 48. Be4 h5 49. Bxd5 Nxd5 50. Qxe6 Qxe6 51. Nxe6 Kh6 52. f4 h4 53. Kh2
hxg3+ 54. Kxg3 Ne7 55. Kf3 Kh7 56. Ke4 Kg8 57. Kd4 Kf7 58. Ng5+ Ke8 59. e6 Nf5+
60. Ke5 Ke7 61. Nf3 Ne3 62. Nd4 Ng4+ 63. Kd5 Nf6+ 64. Kc5 Ng4 65. Kd5 Nf6+ 66.
Ke5 Ng4+ 67. Ke4 1/2-1/2